Datum a čas kvízu
29.5
Celkem bodů
Celkový počet nahraných bodů na tomto kvízu bez doplňovacích otázek.
7.
Pořadí na kvízu
Konečné umístění týmu na tomto kvízu.
Zaznamenané odpovědi
| # | Otázka | Odpověď | Body | Výsledky |
|---|---|---|---|---|
| 1. | Finálový kvíz otevřeme jakýmis... | Perseverance, Ingenuity | 0 | |
| 2. | Která událost loňského roku se... | Sčítání lidu | 1 | |
| 3. | Obrovským hitem minulého roku... | číslo 456 | 0 | |
| 4. | Velkým společenským tématem js... | Comirnaty | 1 | |
| 5. | Svůj sedmý Super Bowl získal v... | Tom Brady | 0 | |
| 6. | Barvou Hospodského kvízu byla... | v Istanbulu | 1 | |
| 7. | Které druhové jméno souvisejíc... | modráček | 0 | |
| 8. | Patrně nejznámější poštovní zn... | Modrý mauricius | 1 | |
| 9. | Jak se v české verzi jmenuje t... | Farmář | 0 | |
| 10. | Jak se jmenuje stát, který pou... | Barbados | 1 |